Responses for show #5608 - Wednesday, January 14, 2009

Contestants

[<< previous game]

Judy Rowen, a pediatrician from Galveston, Texas

Greg Jones, a college instructor from Chincoteague Island, Virginia

Samantha Lubrani, a Spanish interpreter from Torrance, California (whose 1-day cash winnings total $16,000)

[next game >>]

Jeopardy! Round responses

THE 5 PILLARS OF ISLAM
NAME THE MOVIE
ROWING
OVER-THE-COUNTER CULTURE
THAT'S NOT HOW THAT BOOK ENDS!
JUST GOING THROUGH A PHRASE
    $200 22
Allah

Judy
    $200 17
Transformers

Greg
    $200 16
the Atlantic Ocean

Greg
    $200 6
Woodstock

Samantha
    $200 11
Oliver Twist

Greg
    $200 1
grasping at straws

Samantha
    $400 23
prayer

Greg
    $400 18
Citizen Kane

Judy
    $400 24
galleys

Judy
    $400 7
(Hugh) Hefner

Judy
    $400 12
Mutiny on the Bounty

Judy
    $400 2
half a loaf is better than none

Samantha
    $600 25
(Greg: What is a tithe?)

alms

GregJudy
    $600 19
Pulp Fiction

Greg
    $600 28
drag (wind or air resistance)

Samantha
    $600 8
The Grateful Dead

Judy
    $600 13
Animal Farm

Greg
    $600 3
having your finger on the pulse

Judy
    $800 26
Ramadan

Judy
    $800 20
Good Will Hunting

Greg
    $1,500 29
(Samantha: What is the Potomac?)

the Charles River

Samantha
    $800 9
tie-dyed t-shirts

Samantha
    $800 14
The Great Gatsby

Judy
    $800 4
tip the scales

Judy
    $1000 27
the Hajj

Samantha
    $1000 21
A Beautiful Mind

Judy
    $1000 30
Glasgow

Triple Stumper
    $1000 10
hemp

Samantha
    $1000 15
(Alex: All the "no"s instead of all the "yes"es.)

Ulysses

Triple Stumper
    $1000 5
(Judy: What is turn over every stone?)
[Judy's response was initially ruled incorrect, but the ruling was reversed after the first break.]

leave no stone unturned

SamanthaJudy

Scores at the first commercial break (after clue 15):

Samantha Greg Judy
$3,600 $800 $4,600

Scores at the end of the Jeopardy! Round:

Samantha Greg Judy
$3,700 $2,400 $8,000

Double Jeopardy! Round responses

WORLD WAR II
WHATCHA DUNE?
SCULPTURE MATERIAL
(Alex: Combined beginnings. You have to tell us what two words each [*] comes from...)
COMBEGS
A LITTLE BIT COUNTRY
A LITTLE BIT ROCK & ROLL
    $400 18
MacArthur

Samantha
    $400 11
Mars

Triple Stumper
    $400 23
marble

Greg
    $400 12
situation comedy

Greg
    $400 6
Egypt

Greg
    $400 1
respect

Judy
    $800 19
the Aleutians

Judy
    $800 17
Christian Dior

Triple Stumper
    $800 24
wood

Greg
    $800 13
medical evacuation

Greg
    $800 7
India

Samantha
    $800 2
"Little Red Corvette"

Samantha
    $1200 20
George H.W. Bush

Greg
    $1200 28
a dune buggy

Judy
    $1200 25
stainless steel

Triple Stumper
    $1200 14
a cocker spaniel and a poodle

Greg
    $1,000 8
Norway

Samantha
    $1200 3
(Judy: What is "A Crazy Thing Called Love"?)

"Crazy Little Thing Called Love"

GregJudy
    $1600 21
Halsey

Greg
    $1600 29
Steve Wynn

Greg
    $1600 26
bronze

Triple Stumper
    $1600 15
nickel and cadmium

Samantha
    $1600 9
(Judy: What is Gibraltar?)

Malta

GregJudy
    $1600 4
"a little help from my friends"

Samantha
    $2000 22
the Hellcat

Triple Stumper
    $2000 30
Frank Herbert

Judy
    $1,000 27
ivory

Greg
    $2000 16
Communist sympathizer

Judy
    $2000 10
Botswana

Greg
    $2000 5
tenderness

Greg

Scores at the end of the Double Jeopardy! Round:

Samantha Greg Judy
$9,900 $18,600 $11,600

[wagering suggestions for these scores]

Final Jeopardy! Round responses

CHARACTERS IN PLAYS
SamanthaWho is Lady Macbeth?
$9,700
JudyWho is Eliza Doolittle?
$8,400
GregWho is Eliza Doolittle?
$4,601
Eliza Doolittle

Final scores:

Samantha Greg Judy
$200 $23,201 $20,000
3rd place: $1,000 New champion: $23,201 2nd place: $2,000

Game dynamics:

Coryat scores:

Samantha Greg Judy
$11,600 $19,600 $11,600
14 R
(including 1 DD),
1 W
(including 1 DD)
21 R
(including 1 DD),
1 W
18 R,
2 W

Combined Coryat: $42,800

The J! Archive is created by fans, for fans. The Jeopardy! game show and all elements thereof, including but not limited to copyright and trademark thereto, are the property of Jeopardy Productions, Inc. and are protected under law. This website is not affiliated with, sponsored by, or operated by Jeopardy Productions, Inc. Join the discussion at JBoard.tv.